| 000 | 00877nam a2200205Ia 4500 | ||
|---|---|---|---|
| 999 |
_c9424 _d9424 |
||
| 005 | 20241026153653.0 | ||
| 008 | 230918s9999 xx 000 0 und d | ||
| 020 | _a9992380039 | ||
| 040 |
_aUPAN _cBiblioteca San Vicente _eRCAA2 |
||
| 041 | _aspa | ||
| 082 |
_a301 _bM378s _c2003 |
||
| 100 |
_aMartinez,Peñate,Oscar _4aut. |
||
| 245 | 0 |
_aEl salvador sociologia general/ _bOscar Martínez Peñate |
|
| 250 | _a2° ed. | ||
| 260 |
_aSan Salvador: _bNuevo Enfoque, _c2003 |
||
| 300 |
_a345 p.; _c24 cm. |
||
| 505 | _aCapitulo I. Introducción a la Sociología Capitulo II. Dinámica de la conducta social Capitulo III. Persona humana y sociedad Capitulo IV. Nacion y población Capitulo V. Transformación de la sociedad Capitulo VI. Grupos sociales y poder Capitulo VII. Transformación del Estado | ||
| 650 |
_2LEMB _aEl Salvador _xSociología |
||
| 942 |
_cBK _2ddc |
||